Debi Chaudhurani or the wife who came home / (Record no. 38844)

MARC details
000 -LEADER
fixed length control field 00898nam a22002417a 4500
005 - DATE AND TIME OF LATEST TRANSACTION
control field 20100803104033.0
010 ## - LCCN (DPL NO)
LC control number ENG-97775
020 ## - INTERNATIONAL STANDARD BOOK NUMBER
International Standard Book Number 0198067933
Terms of availability 495.00
020 ## - INTERNATIONAL STANDARD BOOK NUMBER
International Standard Book Number 9780198067931
Terms of availability 495.00
035 ## - SYSTEM CONTROL NUMBER
System control number EN-81308
037 ## - SOURCE OF ACQUISITION
Source of stock number/acquisition DBAD/PUB
082 ## - DEWEY DECIMAL CLASSIFICATION NUMBER
Classification number N
100 ## - MAIN ENTRY--PERSONAL NAME
Personal name Chatterji, Bankimchandra
245 ## - TITLE STATEMENT
Title Debi Chaudhurani or the wife who came home /
Statement of responsibility, etc by Bankimchandra Chatterji ; translated by Julius J. Lipner
260 ## - PUBLICATION, DISTRIBUTION, ETC. (IMPRINT)
Place of publication, distribution, etc New Delhi
Name of publisher, distributor, etc Oxford University Press
Date of publication, distribution, etc 2010
270 ## - ADDRESS
Address YMCA Library Building, Jai Singh Road,
City New Delhi
Postal code 110001
300 ## - PHYSICAL DESCRIPTION
Extent xiii,276p.
Dimensions 22cm (Hb)
500 ## - GENERAL NOTE
General note Includes bibliographical reference and index
650 ## - SUBJECT ADDED ENTRY--TOPICAL TERM
Topical term or geographic name as entry element Debi Chaudhurani-Bengali novelist
700 ## - ADDED ENTRY--PERSONAL NAME
Personal name Lipner, Julius J.
9 (RLIN) 4724
942 ## - ADDED ENTRY ELEMENTS (KOHA)
Source of classification or shelving scheme Dewey Decimal Classification
Item type English Books
Call number prefix N
Call number suffix CHA
Holdings
Withdrawn status Lost status Not for loan Collection code Home library Current library Date acquired Source of acquisition Cost, normal purchase price Full call number Barcode Copy number Cost, replacement price Koha item type
    Not For Loan Fiction D.B.Act.Division D.B.Act.Division 03/08/2010 DBAD/PUB 495.00 CHA EN-81308 1 495.00 English Books

© Delhi Public Library
Hit Counter
free hit counter